| 000 | 00660nam a2200217 a 4500 | ||
|---|---|---|---|
| 005 | 20240823063817.0 | ||
| 008 | 021008s2001 mx r 000 0 spa d | ||
| 020 | _a970150612X | ||
| 035 | _aUPN01000119993 | ||
| 049 | _aCG | ||
| 050 | 4 |
_aBF575 S7.5 _bC7.3 |
|
| 100 | 1 | _aCruz Marín, Carlos | |
| 245 | 1 | 0 |
_aEstrés : _bentenderlo es manejarlo / _cCarlos Cruz Marín, Luis Vargas Fernández. |
| 260 |
_aMéxico : _bAlfaomega, _cc2001. |
||
| 300 |
_a127 p. : _bil. |
||
| 650 | 2 |
_aEstrés (psicología) _96597 |
|
| 650 | 4 |
_aTENSION (PSICOLOGIA) _96628 |
|
| 650 | 4 |
_aConducta (Psicología) _94460 |
|
| 700 | 1 |
_aVargas Fernández, Luis, _ecoaut. |
|
| 905 | _aLibro | ||
| 999 |
_c92343 _d92343 |
||